Nebraska County Seats - Statistics

General Stats
  • This quiz has been taken 18 times
  • The average score is 51 of 92
Answer Stats
County County Seat % Correct
Lancaster Lincoln
100%
Douglas Omaha
100%
Hall Grand Island
90%
Cherry Valentine
90%
York York
90%
Box Butte Alliance
80%
Gage Beatrice
80%
Platte Columbus
80%
Dodge Fremont
80%
Adams Hastings
80%
Red Willow McCook
80%
Otoe Nebraska City
80%
Keith Ogallala
80%
Custer Broken Bow
70%
Dawes Chadron
70%
Jefferson Fairbury
70%
Scotts Bluff Gering
70%
Buffalo Kearney
70%
Kimball Kimball
70%
Dawson Lexington
70%
Sarpy Papillion
70%
Arthur Arthur
60%
Clay Clay Center
60%
Dakota Dakota City
60%
Grant Hyannis
60%
Chase Imperial
60%
Madison Madison
60%
Holt O'Neill
60%
Colfax Schuyler
60%
Seward Seward
60%
Cheyenne Sidney
60%
Saunders Wahoo
60%
Wayne Wayne
60%
Brown Ainsworth
50%
Harlan Alma
50%
Hamilton Aurora
50%
Wheeler Bartlett
50%
Rock Bassett
50%
Dundy Benkelman
50%
Washington Blair
50%
Garfield Burwell
50%
Merrick Central City
50%
Butler David City
50%
Richardson Falls City
50%
Franklin Franklin
50%
Perkins Grant
50%
Banner Harrisburg
50%
Sioux Harrison
50%
Cedar Hartington
50%
Hayes Hayes Center
50%
Thayer Hebron
50%
Phelps Holdrege
50%
Kearney Minden
50%
Hooker Mullen
50%
Antelope Neligh
50%
Nuckolls Nelson
50%
Valley Ord
50%
Polk Osceola
50%
Pawnee Pawnee City
50%
Thurston Pender
50%
Pierce Pierce
50%
Cass Plattsmouth
50%
Webster Red Cloud
50%
Sheridan Rushville
50%
Keya Paha Springview
50%
Stanton Stanton
50%
Loup Taylor
50%
McPherson Tryon
50%
Cuming West Point
50%
Boone Albion
40%
Nemaha Auburn
40%
Furnas Beaver City
40%
Blaine Brewster
40%
Morrill Bridgeport
40%
Boyd Butte
40%
Knox Center
40%
Deuel Chappell
40%
Gosper Elwood
40%
Nance Fullerton
40%
Fillmore Geneva
40%
Greeley Greeley
40%
Sherman Loup City
40%
Garden Oshkosh
40%
Dixon Ponca
40%
Howard Saint Paul
40%
Logan Stapleton
40%
Frontier Stockville
40%
Johnson Tecumseh
40%
Burt Tekamah
40%
Thomas Thedford
40%
Hitchcock Trenton
40%
Saline Wilber
40%
No matching quizzes found
Score Distribution
Percent of People with Each Score
Percentile by Number Answered
Your Score History
You have not taken this quiz